01154cam a2200301 a 450000100100000000500170001000800410002702000150006804000180008308200220010124500650012326000890018830000210027749000160029850400420031465100520035665100550040870000300046370000280049370000290052170000310055070000360058170000380061783000230065591000340067895201250071299900150083700000564320200929151729.0990708s1998 ve b 001 0 spa  a9806197585 aDO-SdBNPcDLC a987.0632bR454ó03aLa Revolución de Octubre /cManuel Caballero ... [et al.]. aCaracas :bFundación Centro de Estudios Latinoamericanos Rómulo Gallegos,c1998. a149 p. ;c21 cm.1 aLa Alborada aIncluye referencias bibliográficas. 4aVenezuelaxHistoriayREVOLUCIÓN, 1945.915951 4aVenezuelaxPolítica Y Gobiernoy1935-1958.939931 aCaballero, Manuel.9159521 aNjaim, Humberto.9159531 aRey, Juan Carlos.9159541 aCamejo Ron, Yrayma.9159551 aPino Iturrieta, Elías.9159561 aRodríguez Iturbe, José915957 0aLa Alborada915958 aCatalogación por copia / LC 001052708MOaGRbGRcCTd2009-08-20iLF1l0o987.0632 R454óp5643-10r2020-06-25w2020-06-25y2ZPréstamo interno c5442d5442